[Event "Pan American-ch School U17 12th"]
[Site "Callao"]
[Date "2023.10.20"]
[Round "8"]
[White "Sardon Aragon, Alejandro Ulysses"]
[Black "Ochoa Rodriguez, Adriel Miguel"]
[Result "1-0"]
[WhiteElo "1169"]
[BlackElo "1205"]
[PlyCount "77"]
[EventDate "2023.10.16"]
[EventType "swiss"]
[EventRounds "9"]
[EventCountry "PER"]
[SourceTitle "CBM 217 Extra"]
[Source "ChessBase"]
[SourceDate "2024.01.31"]
[SourceVersion "1"]
[SourceVersionDate "2024.01.31"]
[SourceQuality "1"]

1. e4 c6 2. d4 d5 3. Nc3 dxe4 4. Nxe4 Nf6 5. Nxf6+ gxf6 6. Bf4 Qb6 7. Rb1 Bf5 8. Nf3 Nd7 9. Bd3 0-0-0 10. 0-0 Bxd3 11. Qxd3 Qa5 12. b4 Qh5 13. Bg3 e5 14. Rfd1 Bd6 15. Qb3 e4 16. Bxd6 exf3 17. Qxf3 Qb5 18. Bg3 h5 19. Qf4 Qb6 20. c4 Rdg8 21. c5 Qd8 22. b5 cxb5 23. Rxb5 a6 24. Rbb1 h4 25. c6 b5 26. cxd7+ Kb7 27. Qe4+ Kb6 28. Bd6 Qxd7 29. Bc5+ Kc7 30. Qe7 h3 31. Bb6+ Kxb6 32. Qxd7 Rxg2+ 33. Kf1 Rxh2 34. Qd6+ Ka5 35. Qc7+ Ka4 36. Qxh2 b4 37. Qd6 a5 38. Qc6+ Ka3 39. Rd3+ 1-0

[Event "Pan American-ch School U17 12th"]
[Site "Callao"]
[Date "2023.10.19"]
[Round "7"]
[White "Ochoa Rodriguez, Adriel Miguel"]
[Black "Alvarez Serpa, Diego Sebastian"]
[Result "1-0"]
[WhiteElo "1205"]
[BlackElo "1067"]
[PlyCount "47"]
[EventDate "2023.10.16"]
[EventType "swiss"]
[EventRounds "9"]
[EventCountry "PER"]
[SourceTitle "CBM 217 Extra"]
[Source "ChessBase"]
[SourceDate "2024.01.31"]
[SourceVersion "1"]
[SourceVersionDate "2024.01.31"]
[SourceQuality "1"]

1. e4 d5 2. exd5 Nf6 3. Nc3 Nxd5 4. Nxd5 Qxd5 5. Ne2 e5 6. Nc3 Qa5 7. Bc4 Nc6 8. 0-0 Bd6 9. d3 0-0 10. a3 Re8 11. Be3 Nd4 12. Qh5 g6 13. Bxf7+ Kxf7 14. Qxh7+ Ke6 15. Bxd4 exd4 16. Rae1+ Be5 17. b4 Qa6 18. Rxe5+ Kxe5 19. Re1+ Kd6 20. Rxe8 dxc3 21. Qe7+ Kc6 22. Qc5+ Kd7 23. Re7+ Kd8 24. Qxc7# 1-0

[Event "Pan American-ch School U17 12th"]
[Site "Callao"]
[Date "2023.10.17"]
[Round "3"]
[White "Ochoa Rodriguez, Adriel Miguel"]
[Black "Cardenas Olivera, Fabio Javier"]
[Result "1-0"]
[WhiteElo "1205"]
[BlackElo "1049"]
[PlyCount "83"]
[EventDate "2023.10.16"]
[EventType "swiss"]
[EventRounds "9"]
[EventCountry "PER"]
[SourceTitle "CBM 217 Extra"]
[Source "ChessBase"]
[SourceDate "2024.01.31"]
[SourceVersion "1"]
[SourceVersionDate "2024.01.31"]
[SourceQuality "1"]

1. e4 c5 2. Nf3 d6 3. d4 cxd4 4. Nxd4 Nf6 5. Nc3 a6 6. Bc4 b5 7. Bb3 e6 8. Bg5 Be7 9. f3 h6 10. Be3 d5 11. exd5 exd5 12. a4 b4 13. Na2 Bb7 14. Qd2 a5 15. Nb5 Nbd7 16. Bf4 Nc5 17. Nc7+ Kf8 18. Nxa8 Bxa8 19. 0-0-0 Nxb3+ 20. cxb3 Nh5 21. Be3 Qd6 22. Kb1 Kg8 23. Rc1 Kh7 24. g4 Qg6+ 25. Ka1 Nf6 26. g5 Nd7 27. gxh6 gxh6 28. Rhg1 Qd6 29. Qd3+ Qg6 30. Rxg6 fxg6 31. Rg1 Rg8 32. f4 Nc5 33. Bxc5 Bxc5 34. Rc1 Bd6 35. f5 Bf4 36. fxg6+ Rxg6 37. Rg1 Kg7 38. Qxg6+ Kf8 39. Qf6+ Ke8 40. Rg7 Bg5 41. Qf7+ Kd8 42. Qd7# 1-0